000 00685nam a22002177a 4500
999 _c15716
_d15716
003 AR-CdUCM
008 190429b ||||| |||| 00| 0 spa d
020 _a978-84-9825-072-5
040 _aMUNICIPALIDAD PROVINCIAL DEL CUSCO
_cBIBLIOTECA MUNICIPAL DEL CUSCO
082 _23ed.
_aPI / 376.1 /
_bG34
100 _aGeis, Patricia
_933517
245 _aBuenos Habitos:
_b¡A vestirse! /
260 _aBarcelona :
_bCombel,
_c2006.
300 _bIlustraciones, graficos, dibujos, estiquers,
_c18 cm.
500 _aCuentos e historias para niños
650 _aCuentos
_9217
650 _aHistoria
_9136
650 _aLiteratura
_983
942 _2ddc
_cLIBROS
945 _apjha
_d2019-04-29